عرض عادي عرض مارك
  • Tokio <2010>

مدخل إسم جغرافي

عدد التسجيلات المستخدمة في: 1

001 - رقم الضبط

  • حقل الضبط: 18684

003 - معرف رقم الضبط

  • حقل الضبط: OSt

005 - تاريخ ووقت أخر عملية

  • حقل الضبط: 20121226171405.0

008 - عناصر بيانات ثابتة الطول

  • حقل تحكم ثابت الطول: 121226|||a|||||| | ||| d

040 ## - مصدر الفهرسة

  • هيئة الفهرسة الأصلية: OSt
  • وكالة الكتابة: OSt

151 ## - مدخل-- مصطلح تاريخي

  • اسم جغرافي: Tokio <2010>

670 ## - بيانات المصدر موجوده

  • الاستشهاد بالمصدر: Work cat.: (OSt)0: UC 2010 (2010 : Tokyo, Japan) 18678, Unconventional computation :, 2010.